Programming and customizing PICmicro microcontrollers / (Record no. 179963)

000 -LEADER
fixed length control field 01501 a2200241 4500
003 - CONTROL NUMBER IDENTIFIER
control field Nust
005 - DATE AND TIME OF LATEST TRANSACTION
control field 20230103122151.0
010 ## - LIBRARY OF CONGRESS CONTROL NUMBER
LC control number 00051541
020 ## - INTERNATIONAL STANDARD BOOK NUMBER
International Standard Book Number 0071361723 (pbk./CD-ROM)
040 ## - CATALOGING SOURCE
Transcribing agency Nust
082 00 - DEWEY DECIMAL CLASSIFICATION NUMBER
Classification number 629.89,PRE
100 1# - MAIN ENTRY--PERSONAL NAME
Personal name Predko, Michael.
9 (RLIN) 106715
245 10 - TITLE STATEMENT
Title Programming and customizing PICmicro microcontrollers /
Statement of responsibility, etc. Myke Predko.
250 ## - EDITION STATEMENT
Edition statement 2nd ed.
260 ## - PUBLICATION, DISTRIBUTION, ETC.
Place of publication, distribution, etc. New York :
Name of publisher, distributor, etc. McGraw-Hill,
Date of publication, distribution, etc. c2002.
300 ## - PHYSICAL DESCRIPTION
Extent xxiv, 1190 p. :
Other physical details ill. ;
Dimensions 24 cm. +
Accompanying material 1 computer optical disc (4 3/4 in.) + 1 PCB board.
505 ## - FORMATTED CONTENTS NOTE
Formatted contents note Microcontrollers (Page-1), The Microchip PICMicro (Page-33), The PICMicro Processor Architecture (Page-55), The PICMicro Instruction Set (Page-103), PICMicro Hardware Features (Page-169), PICMicro Application Design (Page-253), PC Interfacing (Page-317), PICMicro Application Software Development Tools (Page-365), PICMicro Assembly Language Software Development Techniques (Page-453), Macro Development (Page-523), Designing your own PICMicro Applications (Page-547), Debugging your Application (Page-561), Programming PICMicros (Page-571), Emulators (Page-629), Experiments (Page-663), Projects (Page-903), Real Time Operating Systems (Page-1039), In Closing (Page-1061),
650 #0 - SUBJECT ADDED ENTRY--TOPICAL TERM
Topical term or geographic name entry element Microcontrollers.
9 (RLIN) 18076
650 #0 - SUBJECT ADDED ENTRY--TOPICAL TERM
Topical term or geographic name entry element Programmable controllers.
856 41 - ELECTRONIC LOCATION AND ACCESS
Materials specified Publisher description
Uniform Resource Identifier <a href="http://www.loc.gov/catdir/description/mh031/00051541.html">http://www.loc.gov/catdir/description/mh031/00051541.html</a>
856 41 - ELECTRONIC LOCATION AND ACCESS
Materials specified Table of contents
Uniform Resource Identifier <a href="http://www.loc.gov/catdir/toc/mh031/00051541.html">http://www.loc.gov/catdir/toc/mh031/00051541.html</a>
942 ## - ADDED ENTRY ELEMENTS (KOHA)
Source of classification or shelving scheme
Koha item type Book
Holdings
Withdrawn status Lost status Source of classification or shelving scheme Damaged status Not for loan Permanent Location Current Location Shelving location Date acquired Full call number Barcode Date last seen Price effective from Koha item type Public note
          Military College of Signals (MCS) Military College of Signals (MCS) General Stacks 12/12/2016 629.89,PRE MCS34598 12/08/2016 12/12/2016 Book Amirah No.42, Shelf No.1
© 2023 Central Library, National University of Sciences and Technology. All Rights Reserved.